FC Basel players (2010-2020) - Statistics

General Stats
  • This quiz has been taken 17 times
  • The average score is 53 of 125
Answer Stats
Rank Player Positions Nationality Matches Goals (assists) Period % Correct
15 Alex Frei ST 84 58 (25) 2010-2013
100%
1 Fabian Frei DM 205 28 (35) 2011-2015, 2017-2020
100%
46 Granit Xhaka DM 44 2 (4) 2010-2012
100%
2 Taulant Xhaka DM 199 4 (15) 2010-2012, 2013-2020
100%
16 Aleksandar Dragovic CB 77 4 (3) 2010-2014
92%
11 Geoffroy Serey Dié DM 95 6 (9) 2012-2015, 2016-2019
92%
4 Marek Suchy CB 163 11 (9) 2013-2019
92%
8 Matías Delgado AM 109 31 (32) 2013-2018
92%
14 Michael Lang RB 87 16 (13) 2015-2018
92%
13 Mohamed Elneny DM 91 5 (6) 2012-2016
92%
44 Mohamed Salah RW 47 9 (8) 2012-2014
92%
7 Tomáš Vaclík GK 132 0 (1) 2014-2018
92%
9 Yann Sommer GK 107 0 (0) 2010-2014
92%
24 Albian Ajeti ST 69 32 (16) 2013-2016, 2017-2020
83%
62 Arlind Ajeti CB 27 1 (1) 2011-2015
83%
12 Behrang Safari LB 91 0 (4) 2010-2011, 2013-2016
83%
21 Blas Riveros LB 70 3 (6) 2016-2020
83%
37 Marcelo Díaz DM 58 7 (4) 2012-2015
83%
47 Marc Janko ST 44 29 (3) 2015-2017
83%
6 Marco Streller ST 138 59 (47) 2010-2015
83%
28 Ricky van Wolfswinkel ST 63 26 (8) 2017-2020
83%
67 Seydou Doumbia ST 25 20 (1) 2016-2017
83%
5 Valentin Stocker LW 162 42 (57) 2010-2014, 2017-2020
83%
32 Xherdan Shaqiri AM 60 14 (14) 2010-2012
83%
64 Arthur Cabral ST 26 14 (4) 2019-2020
75%
48 Birkir Bjarnason CM 42 14 (7) 2015-2017
75%
25 Cabral DM 68 1 (1) 2010-2013
75%
17 Markus Steinhöfer RB 76 1 (15) 2010-2013
75%
35 Éder Balanta DM 58 3 (2) 2016-2020
67%
30 Eray Cömert CB 62 3 (3) 2015-2016, 2018-2020
67%
19 Fabian Schär CB 73 9 (5) 2012-2015
67%
55 Franco Costanzo GK 32 0 (0) 2010-2011
67%
3 Luca Zuffi CM 179 27 (50) 2014-2020
67%
26 Mohamed Elyounoussi RW 65 21 (28) 2016-2018
67%
27 Renato Steffen RW 63 15 (19) 2015-2018
67%
63 Scott Chipperfield LM 27 5 (0) 2010-2012
67%
29 Silvan Widmer RB 63 3 (11) 2018-2020
67%
33 Adama Traoré LB 59 1 (6) 2014-2017
58%
69 Daniel Høegh CB 22 0 (0) 2015-2017
58%
53 David Degen RM 34 3 (5) 2012-2014
58%
105 Dominik Schmid LB 4 0 (0) 2016-2018
58%
70 Edon Zhegrova RW 22 2 (3) 2018-2020
58%
36 Gilles Yapi DM 58 3 (5) 2010-2013
58%
20 Jacques Zoua ST 72 12 (9) 2010-2013
58%
34 Jonas Omlin GK 59 0 (0) 2018-2020
58%
43 Ju-ho Park LB 47 1 (2) 2011-2013
58%
49 Manuel Akanji CB 42 5 (1) 2015-2018
58%
18 Philipp Degen RB 76 7 (5) 2011-2016
58%
23 Raoul Petretta LB 70 3 (2) 2016-2020
58%
61 Zdravko Kuzmanovic CM 28 1 (2) 2015-2016, 2018-2020
58%
31 Breel Embolo ST 60 21 (14) 2013-2016
50%
45 Dimitri Oberlin ST 46 5 (2) 2017-2020
50%
51 Noah Okafor LW 39 3 (3) 2017-2020
50%
102 Reto Zanni RB 5 0 (1) 2010-2011
50%
50 Shkëlzen Gashi LW 41 25 (7) 2014-2016
50%
41 Benjamin Huggel DM 49 7 (4) 2010-2012
42%
71 Cedric Itten ST 21 3 (2) 2015-2016, 2017-2018
42%
40 David Abraham CB 51 8 (4) 2010-2012
42%
10 Davide Callà RM 95 19 (13) 2013-2018
42%
56 Fwayo Tembo RW 30 2 (5) 2010-2012
42%
110 Nicolas Hunziker ST 3 0 (0) 2015-2016
42%
115 Sandro Wieser DM 2 0 (0) 2010-2011
42%
68 Stephan Andrist RM 25 3 (3) 2011-2014
42%
59 Walter Samuel CB 29 2 (3) 2014-2016
42%
39 Alexander Fransson CM 51 2 (9) 2015-2018
33%
98 Djordje Nikolic GK 6 0 (0) 2016-2017, 2019-2020
33%
78 Federico Almerares ST 14 4 (0) 2010-2011
33%
65 Kemal Ademi ST 26 13 (4) 2019-2020
33%
82 Kwang-ryong Pak ST 14 1 (0) 2011-2012, 2013-2014
33%
85 Raúl Bobadilla ST 13 2 (1) 2012-2014
33%
77 Samuel Inkoom RB 16 1 (3) 2010-2011
33%
74 Yoichiro Kakitani CF 18 4 (1) 2014-2016
33%
73 Andraz Sporar ST 19 1 (4) 2015-2017
25%
66 Derlis González CF 25 3 (10) 2014-2015
25%
52 Gastón Sauro CB 35 1 (1) 2012-2014
25%
83 Genséric Kusunga CB 13 0 (0) 2010-2012
25%
79 Germano Vailati GK 14 0 (0) 2013-2017
25%
57 Giovanni Sio ST 30 10 (4) 2013-2015
25%
42 Kay Voser LB 48 1 (5) 2011-2014
25%
22 Kevin Bua LW 70 14 (17) 2016-2020
25%
109 Massimo Colomba GK 3 0 (0) 2010-2012
25%
60 Omar Alderete CB 28 2 (1) 2019-2020
25%
84 Omar Gaber RB 13 0 (2) 2016-2018
25%
94 Pascal Schürpf LM 8 1 (1) 2010-2012
25%
38 Samuele Campo AM 55 15 (17) 2017-2020
25%
124 Signori Antonio GK 1 0 (0) 2018-2019
25%
76 Beg Ferati CB 16 0 (1) 2010-2011
17%
88 Çağdaş Atan CB 10 0 (0) 2010-2011
17%
87 Ivan Ivanov CB 11 0 (0) 2013-2014
17%
80 Jasper van der Werff CB 14 0 (0) 2019-2020
17%
81 Jean-Paul Boëtius AM 14 3 (1) 2015-2017
17%
121 Marcel Herzog GK 1 0 (0) 2011-2012
17%
106 Matthias Baron CF 4 0 (0) 2010-2011
17%
58 Naser Aliji CB 29 1 (7) 2013-2016
17%
95 Tician Tushi ST 8 0 (1) 2018-2020
17%
54 Afimico Pululu ST 33 1 (2) 2017-2020
8%
86 Ahmed Hamoudi RW 12 1 (2) 2014-2015
8%
75 Aldo Kalulu RW 17 0 (1) 2018-2019
8%
103 Daniel Unal CM 4 0 (0) 2010-2011
8%
104 Dereck Kutesa LW 4 0 (0) 2016-2018
8%
93 Emil Bergström CB 8 0 (1) 2019-2020
8%
112 Endogan Adili LB 2 0 (0) 2012-2014
8%
89 Eric Ramires CM 9 0 (0) 2019-2020
8%
113 Julian Von Moos RW 2 1 (0) 2018-2020
8%
90 Léo Lacroix CB 9 0 (0) 2017-2018
8%
91 Martin Hansen GK 9 0 (0) 2018-2019
8%
72 Radoslav Kovac CB 20 1 (1) 2011-2013
8%
123 Roman Buess ST 1 0 (0) 2011-2012
8%
96 Yannick Marchand CM 8 0 (0) 2018-2020
8%
100 Yves Kaiser CB 6 0 (0) 2018-2019
8%
118 Admir Seferagic ST 1 0 (0) 2013-2014
0%
97 Carlos Zambrano CB 7 1 (0) 2018-2019
0%
107 Charles Pickel DM 3 0 (0) 2015-2017
0%
111 Darko Jevtic AM 2 0 (0) 2012-2013
0%
99 Elis Isufi CB 6 0 (0) 2019-2020
0%
119 Konstantinos Dimitriou CB 1 0 (0) 2019-2020
0%
108 Lirik Vishi AM 3 0 (1) 2019-2020
0%
120 Louis Lurvink CB 1 0 (0) 2019-2020
0%
122 Mihailo Stevanovic CM 1 0 (0) 2019-2020
0%
92 Neftali Manzambi ST 9 1 (0) 2016-2018
0%
101 Orges Bunjaku CM 5 0 (1) 2019-2020
0%
114 Robin Huser DM 2 0 (0) 2014-2015
0%
125 Simon Dünki CB 1 0 (0) 2013-2014
0%
116 Simon Grether RB 2 0 (0) 2012-2013
0%
117 Stjepan Vuleta ST 2 0 (0) 2012-2013
0%
No matching quizzes found
Score Distribution
Percent of People with Each Score
Percentile by Number Answered
Your Score History
You have not taken this quiz